[Event "II Festival A"]
[Site "Bernate Ticino ITA"]
[Date "1999.07.09"]
[Round "2"]
[White "Orlando, Luigi"]
[Black "Primerano, Carlo"]
[Result "1-0"]
[WhiteElo "1722"]
[BlackElo "1567"]
[PlyCount "39"]
[EventDate "1999.07.08"]

1.e4 e5 2.Nf3 f5 3.Bc4 fxe4 4.Nxe5 Qg5 5.d4 Qxg2 6.Rf1 Nf6 7.Bf7+ Ke7 8.
Bc4 d5 9.Be2 Bh3 10.Bf4 Nbd7 11.Nc3 c6 12.Qd2 Nxe5 13.dxe5 Ng4 14.O-O-O 
Nxh2 15.Bxh2 Qxh2 16.Rh1 Qxe5 17.Rxh3 Rd8 18.Nxe4 g6 19.Ng5 Bg7 20.Re3 1-0

[Event "II Festival A"]
[Site "Bernate Ticino ITA"]
[Date "1999.07.09"]
[Round "2"]
[White "Quagliarella, Sabino Remo"]
[Black "Sartorio, Diego"]
[Result "1-0"]
[WhiteElo "1814"]
[BlackElo "1594"]
[PlyCount "45"]
[EventDate "1999.07.08"]

1.d4 f5 2.c4 g6 3.Nf3 Nf6 4.g3 Bg7 5.Bg2 O-O 6.O-O d6 7.Nc3 Qe8 8.Rb1 Na6 
9.a3 e5 10.Nd5 c6 11.Nxf6+ Bxf6 12.Bh6 Bg7 13.Bxg7 Kxg7 14.d5 c5 15.e3 Nc7
16.b4 b6 17.Qb3 Bd7 18.bxc5 dxc5 19.Qc3 Kf6 20.e4 Qe7 21.exf5 gxf5 22.Rfe1
Qd6 23.Nxe5 1-0

[Event "II Festival A"]
[Site "Bernate Ticino ITA"]
[Date "1999.07.09"]
[Round "2"]
[White "Rossi, Giampiero"]
[Black "Vujovic, Milorad"]
[Result "1/2-1/2"]
[WhiteElo "2020"]
[BlackElo "2258"]
[PlyCount "81"]
[EventDate "1999.07.08"]

1.d4 Nf6 2.c4 e6 3.Nc3 Bb4 4.Qc2 c5 5.dxc5 Na6 6.a3 Bxc3+ 7.Qxc3 Nxc5 8.f3
a5 9.Bg5 a4 10.e3 Qa5 11.Qxa5 Rxa5 12.Nh3 d6 13.e4 Ra6 14.Nf2 Rb6 15.O-O-O
Rc6 16.Kb1 b6 17.Nd3 Nxd3 18.Bxd3 Ba6 19.Rd2 Nd7 20.Be3 Ke7 21.Bc2 b5 22.
cxb5 Bxb5 23.Rd4 Ra6 24.Rb4 Rb8 25.Rxb5 Rxb5 26.Bd3 Raa5 27.Bxb5 Rxb5 28.
Rc1 d5 29.exd5 exd5 30.Bd4 f6 31.Rc7 Ra5 32.Kc2 Ra8 33.Ra7 Rxa7 34.Bxa7 
Ne5 35.Kc3 Nc6 36.Bc5+ Ke6 37.b4 axb3 38.Kxb3 h5 39.a4 g5 40.Bb4 Ne5 41.a5
1/2-1/2

[Event "II Festival A"]
[Site "Bernate Ticino ITA"]
[Date "1999.07.09"]
[Round "2"]
[White "Sala, Gianni"]
[Black "Lapiccirella, Daniele"]
[Result "0-1"]
[WhiteElo "2048"]
[BlackElo "1891"]
[PlyCount "66"]
[EventDate "1999.07.08"]

1.e4 c5 2.Nf3 e6 3.d4 cxd4 4.Nxd4 Nc6 5.Nc3 a6 6.Be2 Qc7 7.Be3 Nf6 8.Qd2 
Bb4 9.f3 O-O 10.a3 Bc5 11.Nb3 Bxe3 12.Qxe3 b5 13.Nd4 Bb7 14.Nxc6 Bxc6 15.
O-O Rfd8 16.e5 Ne8 17.Bd3 d6 18.f4 Qa7 19.Rae1 Qxe3+ 20.Rxe3 Rac8 21.Ne4 
Bxe4 22.Bxe4 dxe5 23.fxe5 Rc5 24.b4 Rc7 25.Bd3 g6 26.Ra1 Rd4 27.Rae1 Ng7 
28.Re4 Nf5 29.Rxd4 Nxd4 30.Rc1 Rc3 31.a4 bxa4 32.Bxa6 a3 33.Bd3 Rxd3 0-1

[Event "II Festival A"]
[Site "Bernate Ticino ITA"]
[Date "1999.07.09"]
[Round "2"]
[White "Variato, Mariano"]
[Black "Ponti, Lorenzo"]
[Result "1/2-1/2"]
[WhiteElo "1576"]
[BlackElo "1831"]
[PlyCount "48"]
[EventDate "1999.07.08"]

1.e4 Nf6 2.Nc3 d5 3.exd5 Nxd5 4.d4 Bf5 5.Qf3 e6 6.Nxd5 Qxd5 7.c3 Bd6 8.
Qxd5 exd5 9.Be3 Nd7 10.Kd2 O-O 11.Bd3 Bxd3 12.Kxd3 Nf6 13.f3 Rfe8 14.Ne2 
Re7 15.Bd2 Rae8 16.Rae1 Nh5 17.g4 Nf4+ 18.Nxf4 Rxe1 19.Rxe1 Rxe1 20.Bxe1 
Bxf4 21.Bg3 Bxg3 22.hxg3 Kf8 23.g5 Ke7 24.Ke3 Ke6 1/2-1/2

[Event "II Festival A"]
[Site "Bernate Ticino ITA"]
[Date "1999.07.09"]
[Round "2"]
[White "Zotti, Enrico"]
[Black "Perotti, Davide"]
[Result "0-1"]
[WhiteElo "1839"]
[BlackElo "1644"]
[PlyCount "158"]
[EventDate "1999.07.08"]

1.e4 e5 2.Nf3 Nc6 3.Bb5 a6 4.Ba4 Nf6 5.O-O Be7 6.Re1 b5 7.Bb3 d6 8.c3 O-O 
9.h3 Na5 10.Bc2 Bb7 11.d4 Nd7 12.Nbd2 c5 13.d5 Bc8 14.Nf1 Nf6 15.Ne3 g6 
16.Qe2 Bd7 17.Bd2 Nb7 18.Nh2 c4 19.Nhg4 Nxg4 20.hxg4 Bg5 21.g3 Qc8 22.Kg2 
Bxe3 23.Qxe3 Bxg4 24.Rh1 f6 25.Rxh7 Rf7 26.Rxf7 Kxf7 27.Rh1 g5 28.Qb6 Kg6 
29.f4 Qb8 30.Qg1 Qg8 31.Qh2 Qg7 32.fxg5 fxg5 33.Bxg5 Rf8 34.Bd1 Bxd1 35.
Rxd1 Kxg5 36.Qh4+ Kg6 37.Qg4+ Kh7 38.Qe6 Qf6 39.Rh1+ Kg7 40.Qg4+ Qg6 41.
Qh4 Nc5 42.Re1 Rf6 43.Re2 Nd3 44.Kh3 Qh6 45.Qxh6+ Kxh6 46.Kg2 Kg5 47.b3 
cxb3 48.axb3 b4 49.cxb4 Nxb4 50.Re3 Kg4 51.Rc3 Rf7 52.Rc8 Rb7 53.Rc3 Na2 
54.Rc2 Nb4 55.Rc3 Rb5 56.Kf2 Rc5 57.Rxc5 dxc5 58.d6 Nc6 59.d7 a5 60.Ke3 
Kxg3 61.Kd3 Kf4 62.Kc4 Kxe4 63.Kxc5 Nd8 64.Kb5 Kd5 65.Kxa5 Kd6 66.Kb5 Kxd7
67.Kc5 Ke6 68.b4 Kf5 69.b5 e4 70.Kd6 e3 71.Kd7 Nb7 72.Kc6 e2 73.Kxb7 e1=Q 
74.b6 Ke6 75.Kc7 Qa5 76.Kc6 Qa6 77.Kc7 Qc4+ 78.Kb8 Kd6 79.Kb7 Qf7+ 0-1

[Event "II Festival A"]
[Site "Bernate Ticino ITA"]
[Date "1999.07.09"]
[Round "3"]
[White "Aglietti, Graziano"]
[Black "Bellini, Roberto"]
[Result "1-0"]
[WhiteElo "2050"]
[BlackElo "1461"]
[PlyCount "79"]
[EventDate "1999.07.08"]

1.d4 Nf6 2.Nf3 d5 3.e3 e6 4.c4 Be7 5.Nc3 c6 6.Bd3 dxc4 7.Bxc4 Nbd7 8.O-O 
O-O 9.Qe2 Nb6 10.Bb3 Qc7 11.Bd2 Bd6 12.Rac1 a6 13.e4 e5 14.h3 exd4 15.Nxd4
Re8 16.Qf3 Qe7 17.Bf4 Bxf4 18.Qxf4 c5 19.Nf3 c4 20.Bc2 Be6 21.Rfd1 Rad8 
22.Qh4 Rxd1+ 23.Rxd1 h6 24.e5 Nfd5 25.Qxe7 Rxe7 26.Ne4 f5 27.Nd6 g6 28.Nd4
Nb4 29.Bb1 N6d5 30.a3 Nc6 31.Nxe6 Rxe6 32.Rxd5 Nxe5 33.Ba2 b5 34.a4 Nd3 
35.Rxd3 Re1+ 36.Kh2 Ra1 37.Ra3 Kf8 38.axb5 axb5 39.Nxb5 Rc1 40.Rc3 1-0

[Event "II Festival A"]
[Site "Bernate Ticino ITA"]
[Date "1999.07.09"]
[Round "3"]
[White "Barlocco, Carlo"]
[Black "Quagliarella, Sabino Remo"]
[Result "1-0"]
[WhiteElo "2161"]
[BlackElo "1814"]
[PlyCount "81"]
[EventDate "1999.07.08"]

1.e4 d6 2.d4 Nf6 3.Nc3 c6 4.Be3 Qa5 5.f3 e5 6.Ne2 Nbd7 7.Nc1 Be7 8.Nb3 Qc7
9.Qd2 Nb6 10.g4 h6 11.h4 Be6 12.O-O-O Nc4 13.Bxc4 Bxc4 14.g5 hxg5 15.hxg5 
Nh5 16.f4 g6 17.f5 O-O-O 18.f6 Nxf6 19.gxf6 Bxf6 20.dxe5 Rxh1 21.Rxh1 dxe5
22.Qf2 Qe7 23.Bxa7 Bg5+ 24.Be3 Bxb3 25.axb3 Qc5 26.Re1 Rh8 27.Kb1 Bxe3 28.
Qxe3 Qxe3 29.Rxe3 Rh1+ 30.Ka2 Rf1 31.b4 b5 32.Nb1 g5 33.c4 bxc4 34.Nd2 Rc1
35.Rc3 Rd1 36.Nxc4 f6 37.b5 c5 38.Rf3 Rd4 39.Kb3 Kb8 40.Rxf6 Rxe4 41.Rf8+ 
1-0

[Event "II Festival A"]
[Site "Bernate Ticino ITA"]
[Date "1999.07.09"]
[Round "3"]
[White "Barosso, Renzo"]
[Black "Lovati, Paolo"]
[Result "0-1"]
[WhiteElo "1794"]
[BlackElo "2080"]
[PlyCount "130"]
[EventDate "1999.07.08"]

1.d4 d6 2.c4 Nf6 3.Nc3 Nbd7 4.e4 e5 5.d5 Be7 6.f3 O-O 7.Be3 Ne8 8.Qd2 c5 
9.Bd3 Nc7 10.Nge2 Re8 11.O-O h6 12.Ng3 Nf8 13.Nf5 Bxf5 14.exf5 Nh7 15.Ne4 
a6 16.a4 Rb8 17.b4 cxb4 18.Qxb4 Qd7 19.g4 Ng5 20.Kg2 Nxe4 21.fxe4 Na8 22.
h3 Bg5 23.Bxg5 hxg5 24.f6 Qd8 25.fxg7 Kxg7 26.Qd2 Rh8 27.Rf5 f6 28.Raf1 
Rh6 29.Qf2 Qe7 30.Rb1 a5 31.Qa7 Rhh8 32.Rf2 Kf7 33.Qxa5 b6 34.Qd2 Kg7 35.
Qe3 Rb7 36.Rfb2 Ra7 37.Bc2 Rc8 38.Rb4 Qc7 39.Qb3 Kg6 40.Qe3 Qc5 41.Qxc5 
dxc5 42.Rb5 Ra6 43.R5b2 Kf7 44.Ra2 Ra5 45.Rb5 Ra7 46.Bb3 Ra5 47.Ra3 Rc7 
48.Bd1 Rca7 49.Rxa5 Rxa5 50.Ra2 Ke7 51.Rb2 Ra7 52.Rb5 Kd6 53.Kg3 Ra6 54.h4
gxh4+ 55.Kxh4 Ke7 56.g5 fxg5+ 57.Kxg5 Nc7 58.Rb2 Ne8 59.Rh2 Nd6 60.Rh7+ 
Kd8 61.Rh8+ Ke7 62.Bc2 Nf7+ 63.Kf5 Nxh8 64.Kxe5 Nf7+ 65.Kf5 Kd6 0-1

[Event "II Festival A"]
[Site "Bernate Ticino ITA"]
[Date "1999.07.09"]
[Round "3"]
[White "Guerrini, Donato"]
[Black "Rossi, Giampiero"]
[Result "1-0"]
[WhiteElo "1924"]
[BlackElo "2020"]
[PlyCount "89"]
[EventDate "1999.07.08"]

1.Nf3 d5 2.g3 c6 3.b4 Bf5 4.Bb2 e6 5.Bg2 Nf6 6.a3 Nbd7 7.d3 Be7 8.Nbd2 O-O
9.O-O a5 10.b5 cxb5 11.Nd4 Qb6 12.Nxf5 exf5 13.Nb3 a4 14.Nd4 g6 15.Qd2 
Rfe8 16.Rfb1 Bc5 17.e3 Bxd4 18.Bxd4 Qc6 19.Ra2 Rec8 20.Qb4 Ne8 21.Qxb5 Nc7
22.Qxb7 Qe6 23.Qb2 Rab8 24.Qc1 Nb5 25.Rb4 Nxd4 26.Rxd4 Nb6 27.Rb2 Qc6 28.
c4 Qc5 29.Bxd5 Qxa3 30.Qb1 Qc5 31.Bf3 Qc7 32.Qa1 Rd8 33.Ra2 Rxd4 34.Qxd4 
Rd8 35.Qc3 Qc5 36.Rc2 Rc8 37.Qb2 a3 38.Qb3 Nd7 39.Ra2 Rb8 40.Qxa3 Rb1+ 41.
Kg2 Qb6 42.Qe7 Qe6 43.Ra8+ Kg7 44.Qxe6 fxe6 45.Ra7 1-0

[Event "II Festival A"]
[Site "Bernate Ticino ITA"]
[Date "1999.07.09"]
[Round "3"]
[White "Guidi, Maurizio"]
[Black "Cazzaniga, Walter"]
[Result "1/2-1/2"]
[WhiteElo "1834"]
[BlackElo "2153"]
[PlyCount "85"]
[EventDate "1999.07.08"]

1.d4 Nf6 2.Nf3 g6 3.c4 Bg7 4.g3 O-O 5.Bg2 d6 6.Nc3 Nbd7 7.d5 e5 8.dxe6 
fxe6 9.O-O Qe7 10.Qc2 c6 11.e4 e5 12.Be3 Nc5 13.Rad1 Bg4 14.h3 Bxf3 15.
Bxf3 Ne6 16.Bg2 Nh5 17.Ne2 Rf7 18.Qd2 Bf8 19.Kh2 Re8 20.a3 c5 21.f4 Nd4 
22.fxe5 dxe5 23.Nc3 Bg7 24.Nd5 Qd7 25.Rxf7 Kxf7 26.Rf1+ Kg8 27.g4 Nf4 28.
Nxf4 exf4 29.Bxf4 Qf7 30.Qd3 Qxf4+ 31.Rxf4 Be5 32.Kh1 Bxf4 33.b4 b6 34.
bxc5 bxc5 35.Qf1 g5 36.h4 h6 37.hxg5 hxg5 38.Qd1 Rb8 39.Qd3 Rb3 40.Qd1 Kg7
41.e5 Kg6 42.Qe1 Rxa3 43.Bd5 1/2-1/2

[Event "II Festival A"]
[Site "Bernate Ticino ITA"]
[Date "1999.07.09"]
[Round "3"]
[White "Lampic, Teo"]
[Black "Inkiov, Ventzislav V."]
[Result "1-0"]
[WhiteElo "2321"]
[BlackElo "2456"]
[PlyCount "107"]
[EventDate "1999.07.08"]

1.e4 c5 2.c3 d5 3.d3 Nc6 4.Nf3 dxe4 5.dxe4 Qxd1+ 6.Kxd1 Bg4 7.Be3 e6 8.Nd2
Nf6 9.Bb5 Rc8 10.Be2 Be7 11.h3 Bh5 12.Ne1 Bg6 13.f3 O-O 14.Nd3 Nd7 15.Nf4 
Bh4 16.Nxg6 hxg6 17.Rg1 Rfd8 18.g3 Be7 19.Ke1 Nde5 20.Rd1 Na5 21.Bf4 Nd3+ 
22.Bxd3 Rxd3 23.Ke2 c4 24.Nb1 g5 25.Be3 Rxe3+ 26.Kxe3 Bc5+ 27.Ke2 Bxg1 28.
Rxg1 Nc6 29.Rd1 Ne5 30.Ke3 Nd3 31.b3 a6 32.Na3 Ne5 33.b4 Rc7 34.Rd8+ Kh7 
35.Rd4 b5 36.f4 gxf4+ 37.gxf4 Nd3 38.Rd6 Ra7 39.e5 Kg6 40.Nc2 a5 41.a3 
axb4 42.axb4 Kh5 43.Rd8 Kg6 44.Nd4 Rb7 45.Rh8 Rb6 46.h4 f6 47.f5+ exf5 48.
e6 f4+ 49.Kd2 Nf2 50.h5+ Kg5 51.e7 Ne4+ 52.Ke2 Nd6 53.Rd8 Rb7 54.Nc6 1-0

[Event "II Festival A"]
[Site "Bernate Ticino ITA"]
[Date "1999.07.09"]
[Round "3"]
[White "Lapiccirella, Daniele"]
[Black "Ciolac, Gheorghe"]
[Result "0-1"]
[WhiteElo "1891"]
[BlackElo "2364"]
[PlyCount "89"]
[EventDate "1999.07.08"]

1.d4 Nf6 2.c4 e6 3.Nc3 d5 4.cxd5 exd5 5.Bg5 Be7 6.e3 c6 7.Bd3 Be6 8.Qc2 
Nh5 9.Bxe7 Qxe7 10.Nf3 Nd7 11.O-O g6 12.Rab1 O-O 13.Rfc1 Ng7 14.Na4 Bg4 
15.Nd2 Bf5 16.b4 a6 17.Nc5 Nf6 18.a4 Rac8 19.Qb3 Bxd3 20.Qxd3 Nf5 21.b5 
axb5 22.axb5 Nd6 23.bxc6 Rxc6 24.Qa3 Rfc8 25.Nd3 Nfe4 26.Rxc6 Rxc6 27.Nxe4
Qxe4 28.Re1 Kg7 29.Nc5 Qc2 30.Rc1 Qf5 31.h3 h5 32.Qb2 Kh7 33.Qb1 Qc8 34.
Nd3 Nc4 35.Nf4 Nd2 36.Rxc6 Qxc6 37.Qd1 Ne4 38.Nd3 Kg7 39.Ne5 Qc3 40.Qe2 f6
41.Nf3 Qc1+ 42.Qe1 Qc2 43.Kf1 b5 44.Qe2 Qc1+ 45.Qe1 0-1

[Event "II Festival A"]
[Site "Bernate Ticino ITA"]
[Date "1999.07.09"]
[Round "3"]
[White "Lapiccirella, Mattia"]
[Black "Orlando, Luigi"]
[Result "1/2-1/2"]
[WhiteElo "2124"]
[BlackElo "1722"]
[PlyCount "103"]
[EventDate "1999.07.08"]

1.d4 Nf6 2.c4 g6 3.Nc3 Bg7 4.e4 d6 5.Nf3 O-O 6.Be2 e5 7.d5 a5 8.Bg5 h6 9.
Bh4 g5 10.Bg3 Nh5 11.Nd2 Nxg3 12.hxg3 Na6 13.Nf1 f5 14.exf5 Bxf5 15.Ne3 
Qd7 16.Bg4 Bxg4 17.Nxg4 Qf5 18.Qe2 Nc5 19.O-O-O e4 20.Rxh6 Nd3+ 21.Rxd3 
exd3 22.Qe6+ Qxe6 23.Rxe6 Rae8 24.Rxe8 Rxe8 25.Ne3 Rf8 26.Ncd1 c6 27.Kd2 
Bd4 28.Kxd3 Bxe3 29.Kxe3 Kg7 30.Nc3 cxd5 31.cxd5 Kf6 32.Kd4 Ke7 33.f3 Rh8 
34.Ne4 Rh2 35.Nxg5 Rxg2 36.Ne4 Rxb2 37.Nc3 b5 38.a3 Rb3 39.f4 b4 40.axb4 
axb4 41.Ne2 Rb2 42.Kd3 b3 43.Nd4 Rg2 44.Nxb3 Rxg3+ 45.Kc4 Rg4 46.Nd4 Rxf4 
47.Kd3 Rf1 48.Ke4 Re1+ 49.Kf4 Kf6 50.Nb5 Rf1+ 51.Ke4 Re1+ 52.Kf4 1/2-1/2

[Event "II Festival A"]
[Site "Bernate Ticino ITA"]
[Date "1999.07.09"]
[Round "3"]
[White "Loncar, Robert"]
[Black "Genovese, Maurizio"]
[Result "1/2-1/2"]
[WhiteElo "2429"]
[BlackElo "2287"]
[PlyCount "56"]
[EventDate "1999.07.08"]

1.d4 Nf6 2.Nf3 d5 3.c4 e6 4.Nc3 c6 5.Qb3 dxc4 6.Qxc4 b5 7.Qb3 b4 8.Na4 
Nbd7 9.Bg5 h6 10.Bxf6 Qxf6 11.g3 Ba6 12.Bg2 Rc8 13.Rc1 Be7 14.Nc5 Nxc5 15.
dxc5 O-O 16.Rc2 Bb5 17.Qxb4 Rb8 18.Qf4 Qg6 19.Qc1 Rfd8 20.Ne5 Qf5 21.f4 
Bf6 22.g4 Bh4+ 23.Kf1 Qf6 24.Bxc6 Bxc6 25.Nxc6 Rd1+ 26.Qxd1 Qxf4+ 27.Kg2 
Qxg4+ 28.Kf1 Qh3+ 1/2-1/2

[Event "II Festival A"]
[Site "Bernate Ticino ITA"]
[Date "1999.07.09"]
[Round "3"]
[White "Perotti, Davide"]
[Black "Sala, Gianni"]
[Result "0-1"]
[WhiteElo "1644"]
[BlackElo "2048"]
[PlyCount "112"]
[EventDate "1999.07.08"]

1.Nf3 Nf6 2.g3 c6 3.b3 g6 4.Bg2 Bg7 5.Bb2 O-O 6.O-O d5 7.c4 dxc4 8.bxc4 
Qb6 9.Qb3 Be6 10.d3 Nbd7 11.Nc3 Rfd8 12.Rab1 Nc5 13.Qc2 Na6 14.Ba3 Qc7 15.
Rb3 b5 16.Nd2 Rab8 17.Nce4 Nxe4 18.Bxe4 b4 19.Bb2 Nc5 20.Bxg7 Nxb3 21.Bh6 
Nd4 22.Qb2 Nxe2+ 23.Kh1 Nc3 24.Bf4 Qd7 25.Bxb8 Rxb8 26.Qc2 Rd8 27.Nb3 Bh3 
28.Ra1 Nxe4 29.dxe4 Qg4 30.f4 Qf3+ 31.Kg1 Qe3+ 32.Kh1 Bg4 33.h3 Bf3+ 34.
Kh2 Bxe4 35.Qb2 h5 36.h4 Bf3 37.Rf1 Be2 38.Rg1 Bxc4 39.Rg2 Bxb3 40.axb3 
Rd3 41.Qc2 c5 42.Qa2 Rxb3 43.Qxa7 c4 44.Qa8+ Kg7 45.Qa1+ Qc3 46.Qa5 Rb2 
47.Qc5 Rxg2+ 48.Kxg2 e6 49.g4 hxg4 50.h5 Qf3+ 51.Kg1 Qd1+ 52.Kh2 Qe2+ 53.
Kg1 Qe1+ 54.Kg2 Qe4+ 55.Kg1 Qxf4 56.hxg6 Kxg6 0-1

[Event "II Festival A"]
[Site "Bernate Ticino ITA"]
[Date "1999.07.09"]
[Round "3"]
[White "Primerano, Carlo"]
[Black "D'Aulisa, Francesco"]
[Result "0-1"]
[WhiteElo "1567"]
[BlackElo "1624"]
[PlyCount "124"]
[EventDate "1999.07.08"]

1.e4 g6 2.c4 Bg7 3.Nc3 e6 4.d4 d6 5.f3 Ne7 6.Be3 Nd7 7.Qd2 h6 8.Bd3 e5 9.
d5 g5 10.Nge2 Ng6 11.g3 Nf6 12.h3 b6 13.Nd1 Bd7 14.Nf2 Nh7 15.O-O-O h5 16.
Rdg1 h4 17.gxh4 Nxh4 18.Rg3 Bh6 19.Ng4 Bg7 20.Bf2 Bxg4 21.fxg4 Qf6 22.Qe3 
Ng6 23.Rf3 Nf4 24.Rh2 Nf8 25.Be1 Nd7 26.Bc3 Nc5 27.Nxf4 gxf4 28.Qd2 Bh6 
29.h4 Qg6 30.g5 Bg7 31.Qe2 f6 32.gxf6 Bxf6 33.Be1 O-O-O 34.b4 Nxd3+ 35.
Rxd3 Rdg8 36.Bf2 Qg4 37.Qxg4+ Rxg4 38.h5 Bg5 39.Kc2 Bh6 40.c5 Rhg8 41.cxd6
cxd6 42.Kb3 Rg2 43.Rxg2 Rxg2 44.Rc3+ Kd7 45.Be1 Re2 46.Bh4 Rxe4 47.a4 Rd4 
48.a5 Rxd5 49.axb6 axb6 50.Bf2 b5 51.Bb6 e4 52.Rc7+ Ke6 53.Rh7 Rxh5 54.Bd8
Rh3+ 55.Kc2 f3 56.Kd1 Rh1+ 57.Kc2 Rc1+ 58.Kb2 Bf4 59.Bb6 Rc4 60.Kb3 e3 61.
Rh8 e2 62.Ba7 Be5 0-1

[Event "II Festival A"]
[Site "Bernate Ticino ITA"]
[Date "1999.07.09"]
[Round "3"]
[White "Rivolta, Aladino"]
[Black "Variato, Mariano"]
[Result "0-1"]
[WhiteElo "1509"]
[BlackElo "1576"]
[PlyCount "110"]
[EventDate "1999.07.08"]

1.e4 e5 2.Nf3 Nc6 3.Bb5 a6 4.Ba4 Nf6 5.O-O b5 6.Bb3 Be7 7.Re1 O-O 8.c3 d5 
9.d3 dxe4 10.dxe4 Bb7 11.Bg5 h6 12.Bh4 Qxd1 13.Bxd1 g5 14.Bg3 Bd6 15.h3 
Nd7 16.Nbd2 Nc5 17.Bc2 Rad8 18.Nb3 f6 19.Nxc5 Bxc5 20.Bb3+ Kg7 21.Bd5 Bb6 
22.Rad1 Rd6 23.Rd2 Nd8 24.Red1 Bxd5 25.Rxd5 Nb7 26.Nd2 Rfd8 27.c4 bxc4 28.
Nxc4 Rxd5 29.exd5 Bd4 30.Kf1 Nd6 31.b3 Ne4 32.Ne3 Nxg3+ 33.fxg3 Bxe3 34.
Ke2 Bd4 35.Kd3 Rxd5 36.Kc4 Rc5+ 37.Kd3 Kf7 38.g4 Ke6 39.g3 Rc3+ 40.Kd2 
Rxg3 41.Kc2 a5 42.Rd3 Rxd3 43.Kxd3 Kd5 44.a3 c5 45.a4 e4+ 46.Ke2 c4 47.b4 
axb4 48.a5 c3 49.Kd1 Kc4 50.a6 Kd3 51.Kc1 Be3+ 52.Kb1 c2+ 53.Ka2 Kc3 54.a7
c1=Q 55.a8=Q b3# 0-1

[Event "II Festival A"]
[Site "Bernate Ticino ITA"]
[Date "1999.07.09"]
[Round "3"]
[White "Sanzani, Pierluigi"]
[Black "Tavecchia, Mario"]
[Result "1-0"]
[WhiteElo "1699"]
[BlackElo "1666"]
[PlyCount "159"]
[EventDate "1999.07.08"]

1.e4 d5 2.exd5 Qxd5 3.d4 Nf6 4.Nc3 Qa5 5.Bd3 c6 6.Ne2 Bg4 7.f3 Bh5 8.Bd2 
e6 9.O-O Be7 10.Ne4 Qd8 11.c3 Nxe4 12.fxe4 Bg5 13.Qc2 Bxd2 14.Qxd2 Nd7 15.
Qf4 O-O 16.Ng3 Bg6 17.b4 Rc8 18.Qe3 Qc7 19.e5 b6 20.Ne4 Bxe4 21.Qxe4 g6 
22.h4 c5 23.Rac1 cxd4 24.cxd4 Qxc1 25.Rxc1 Rxc1+ 26.Kh2 Rc7 27.h5 Nb8 28.
h6 Nd7 29.Bb5 f5 30.exf6 Rxf6 31.d5 Nf8 32.Qe5 Rcf7 33.d6 Rf5 34.Qe2 Rd5 
35.Be8 Rxd6 36.Bxf7+ Kxf7 37.Qe5 Rd5 38.Qg7+ Ke8 39.Qxa7 b5 40.Qb8+ Ke7 
41.Qb7+ Ke8 42.Qc6+ Ke7 43.Qc7+ Ke8 44.Qf4 Rf5 45.Qb8+ Ke7 46.Qa7+ Ke8 47.
g4 Rd5 48.a4 bxa4 49.Qxa4+ Ke7 50.Qa7+ Ke8 51.b5 Rd2+ 52.Kg3 Rd3+ 53.Kf4 
Kd8 54.Qa8+ Ke7 55.Qb7+ Nd7 56.Qe4 Rd5 57.Qb4+ Rd6 58.g5 Nb6 59.Ke5 Nd7+ 
60.Ke4 Nb6 61.Qc3 e5 62.Kxe5 Rd5+ 63.Kf4 Rf5+ 64.Kg4 Nd5 65.Qg7+ Ke6 66.
Qd4 Re5 67.Qc4 Kd6 68.Qc6+ Ke7 69.b6 Nxb6 70.Qf6+ Kd7 71.Qxe5 Nc8 72.Qg7+ 
Ke8 73.Qxh7 Ne7 74.Qh8+ Kd7 75.Qg7 Ke8 76.Qxe7+ Kxe7 77.h7 Ke6 78.h8=Q Kd5
79.Qf6 Ke4 80.Qxg6+ 1-0

[Event "II Festival A"]
[Site "Bernate Ticino ITA"]
[Date "1999.07.09"]
[Round "3"]
[White "Sartorio, Diego"]
[Black "Zotti, Enrico"]
[Result "0-1"]
[WhiteElo "1594"]
[BlackElo "1839"]
[PlyCount "92"]
[EventDate "1999.07.08"]

1.e4 c5 2.c3 d5 3.exd5 Qxd5 4.d4 Nf6 5.Nf3 Nc6 6.Be2 e6 7.O-O cxd4 8.cxd4 
Be7 9.Nc3 Qd8 10.Bb5 O-O 11.Qa4 Nb4 12.a3 Nbd5 13.Bg5 a6 14.Bd3 b5 15.Qc2 
g6 16.Nxd5 Nxd5 17.Bh6 Re8 18.Ne5 Bd6 19.Qd2 Qh4 20.Nf3 Qf6 21.Be3 Bb7 22.
Be2 Nf4 23.Bxf4 Bxf4 24.Qb4 Rac8 25.Rfd1 Red8 26.Rd3 Rc2 27.Kf1 Bd6 28.Qb3
Rdc8 29.Rc3 R2xc3 30.bxc3 Bd5 31.Qb2 Rb8 32.h3 h5 33.Re1 h4 34.Bd1 Qf4 35.
Ne5 Qh2 36.Bf3 Bxf3 37.Nxf3 Qh1+ 38.Ng1 Bh2 39.Ke2 Bxg1 40.Kf3 Qh2 41.Qc1 
Bxf2 42.Kxf2 Qg3+ 43.Kg1 Rc8 44.Re3 Qd6 45.Qb2 Rc4 46.Re4 Qg3 0-1

[Event "II Festival A"]
[Site "Bernate Ticino ITA"]
[Date "1999.07.09"]
[Round "3"]
[White "Vujovic, Milorad"]
[Black "Everet, Alexandro"]
[Result "0-1"]
[WhiteElo "2258"]
[BlackElo "2294"]
[PlyCount "86"]
[EventDate "1999.07.08"]

1.e4 g6 2.d4 Bg7 3.Nf3 Nf6 4.Bd3 d6 5.h3 O-O 6.O-O Nc6 7.Re1 e5 8.c3 Re8 
9.Nbd2 Nh5 10.Nb3 h6 11.a4 Bd7 12.a5 a6 13.Bd2 Qc8 14.Qc1 g5 15.dxe5 Nxe5 
16.Be2 Nf6 17.Nxe5 Rxe5 18.Bd3 Nh7 19.f4 Re8 20.fxg5 hxg5 21.Nd4 c5 22.Nf3
g4 23.hxg4 Bxg4 24.Nh2 Be6 25.Bf4 Be5 26.Bxe5 dxe5 27.Qe3 Kh8 28.Qg3 f6 
29.Qh4 Rg8 30.Rf1 Rg6 31.Rf2 Qg8 32.Rd2 Qg7 33.Rad1 Rg8 34.Bf1 Rh6 35.Qf2 
Ng5 36.Qe3 Rxh2 37.Kxh2 Qh6+ 38.Kg1 Nh3+ 39.Qxh3 Bxh3 40.Rd3 Be6 41.Rd6 
Qe3+ 42.Kh2 Rg7 43.g4 Qf2+ 0-1

[Event "II Festival A"]
[Site "Bernate Ticino ITA"]
[Date "1999.07.10"]
[Round "4"]
[White "Bellini, Roberto"]
[Black "Rivolta, Aladino"]
[Result "1-0"]
[WhiteElo "1461"]
[BlackElo "1509"]
[PlyCount "93"]
[EventDate "1999.07.08"]

1.d4 Nf6 2.c4 c6 3.Nc3 e6 4.e4 Bb4 5.Bd3 O-O 6.Ne2 d5 7.O-O dxe4 8.Nxe4 
Nxe4 9.Bxe4 f5 10.Bd3 Nd7 11.a3 Bd6 12.c5 Bb8 13.Bc4 Re8 14.Nf4 Nf8 15.Re1
Kh8 16.Be3 b6 17.b4 bxc5 18.dxc5 Qxd1 19.Raxd1 e5 20.Bc1 e4 21.Nh5 Be6 22.
Bxe6 Nxe6 23.Bb2 Re7 24.g3 Bc7 25.Re2 Kg8 26.Red2 f4 27.Rd7 Rae8 28.Bc1 f3
29.Be3 Kf7 30.b5 cxb5 31.c6 a6 32.Nf4 Nxf4 33.gxf4 Rxd7 34.cxd7 Rd8 35.f5 
h6 36.Bc5 Kf6 37.Rd5 Rg8 38.Kh1 g6 39.fxg6 Kxg6 40.Be7 Bd8 41.Bc5 Kf7 42.
Re5 Bc7 43.Rxe4 Rg2 44.h4 Rh2+ 45.Kg1 Rg2+ 46.Kf1 Bh2 47.Ke1 1-0

[Event "II Festival A"]
[Site "Bernate Ticino ITA"]
[Date "1999.07.10"]
[Round "4"]
[White "Cazzaniga, Walter"]
[Black "Ponti, Lorenzo"]
[Result "1-0"]
[WhiteElo "2153"]
[BlackElo "1831"]
[PlyCount "67"]
[EventDate "1999.07.08"]

1.d4 Nf6 2.c4 e6 3.Nf3 d5 4.Nc3 c6 5.Bg5 Be7 6.e3 Nbd7 7.cxd5 exd5 8.Bd3 
O-O 9.Qc2 Re8 10.O-O-O Nf8 11.Rdg1 Be6 12.Bxf6 Bxf6 13.g4 g6 14.h4 c5 15.
dxc5 Rc8 16.Nd4 Rxc5 17.g5 Bg7 18.Kb1 Bd7 19.Qb3 Bc6 20.Nce2 Qd7 21.h5 Rc8
22.hxg6 fxg6 23.Nc3 a5 24.a4 Ne6 25.Rh4 Rxc3 26.Qxc3 Bxa4 27.Qxa5 Nc5 28.
Bb5 Bxb5 29.Qxb5 Qxb5 30.Nxb5 Nd3 31.Rd1 Nxf2 32.Rxd5 Re8 33.Rf4 Ne4 34.
Nc7 1-0

[Event "II Festival A"]
[Site "Bernate Ticino ITA"]
[Date "1999.07.10"]
[Round "4"]
[White "Ciolac, Gheorghe"]
[Black "Lampic, Teo"]
[Result "1-0"]
[WhiteElo "2364"]
[BlackElo "2321"]
[PlyCount "155"]
[EventDate "1999.07.08"]

1.e4 d6 2.d4 e5 3.dxe5 dxe5 4.Qxd8+ Kxd8 5.Bc4 f6 6.f4 Bd6 7.f5 c6 8.Be3 
b6 9.Nd2 Ne7 10.Ngf3 Kc7 11.g4 h6 12.a4 Ba6 13.a5 Bb7 14.Kf2 c5 15.c3 Bc6 
16.Rhc1 b5 17.Be2 Nd7 18.b3 Nc8 19.Ne1 Be7 20.Nd3 Rd8 21.Ra2 a6 22.Bf3 Rb8
23.Ke2 Rb7 24.h4 Kb8 25.b4 c4 26.Nf2 Nf8 27.Nf1 Be8 28.Ng3 Rbd7 29.Rg1 Kb7
30.Nf1 Nh7 31.Rd2 Bf7 32.Rxd7+ Rxd7 33.Ng3 Na7 34.Rd1 Rxd1 35.Kxd1 Nc6 36.
Bd2 Bd6 37.Nf1 Bb8 38.Ke2 Ne7 39.Nh3 Kc6 40.g5 hxg5 41.hxg5 fxg5 42.Nxg5 
Nxg5 43.Bxg5 Ng8 44.Ng3 Nf6 45.Bxf6 gxf6 46.Bh5 Bg8 47.Be8+ Kd6 48.Nh5 Ke7
49.Bc6 Bf7 50.Ng3 Kd6 51.Ba8 Kc7 52.Kf3 Ba7 53.Bd5 Be8 54.Bg8 Kd6 55.Bh7 
Ke7 56.Bg6 Bd7 57.Nf1 Kf8 58.Nh2 Bb8 59.Ng4 Kg7 60.Ne3 Bd6 61.Nd5 Bc6 62.
Nb6 Kh6 63.Bf7 Kg5 64.Be6 Kh4 65.Bd7 Bb7 66.Bc8 Bxc8 67.Nxc8 Bf8 68.Nb6 
Bh6 69.Nd5 Bg5 70.Nc7 Bd2 71.Nd5 Bg5 72.Nc7 Bd2 73.Nxb5 Kg5 74.Ke2 Bc1 75.
Nd6 Kf4 76.Nxc4 Kxe4 77.b5 Kd5 78.Nb6+ 1-0

[Event "II Festival A"]
[Site "Bernate Ticino ITA"]
[Date "1999.07.10"]
[Round "4"]
[White "D'Aulisa, Francesco"]
[Black "Barosso, Renzo"]
[Result "0-1"]
[WhiteElo "1624"]
[BlackElo "1794"]
[PlyCount "90"]
[EventDate "1999.07.08"]

1.e4 c6 2.d4 d5 3.e5 Bf5 4.Bd3 Bxd3 5.Qxd3 e6 6.Nf3 c5 7.Qb5+ Qd7 8.Nc3 a6
9.Qxd7+ Nxd7 10.Be3 cxd4 11.Bxd4 Bc5 12.Ne2 Bxd4 13.Nexd4 Ne7 14.O-O O-O 
15.Rfe1 Rfc8 16.c3 Rc7 17.Re3 Rac8 18.Ng5 h6 19.Nh3 Nc6 20.Nxc6 Rxc6 21.f4
Rc4 22.Rd1 g6 23.Rdd3 Nc5 24.Rd2 Ne4 25.Rdd3 b5 26.a3 a5 27.g3 b4 28.axb4 
axb4 29.Nf2 bxc3 30.bxc3 Nxc3 31.Kg2 Nb5 32.Ng4 Kg7 33.Rb3 Nd4 34.Rb7 Rc2+
35.Kh3 h5 36.Nf6 Ne2 37.Re7 Ng1+ 38.Kh4 Rxh2+ 39.Kg5 Nh3+ 40.Kh4 Nxf4+ 41.
Kg5 Nh3+ 42.Kh4 Kh6 43.g4 Ng5+ 44.Kg3 Rh3+ 45.Kf4 Rc4+ 0-1